Mujer y partidos políticos en España: Tània Verge
Saved in:
| Main Author: | |
|---|---|
| Format: | Book |
| Language: | Spanish |
| Tags: |
Add Tag
No Tags, Be the first to tag this record!
|
MARC
| LEADER | 00000nam a22000007a 4500 | ||
|---|---|---|---|
| 003 | cru CIDCACS/IIS | ||
| 005 | 20180216155416.0 | ||
| 007 | ta | ||
| 008 | 180216s2006 sp |||||r||||||0| ||spa|d | ||
| 999 | |c 41028 |d 41028 | ||
| 040 | |c cru CIDCACS/IIS | ||
| 100 | 1 | |9 6668 |a Verge, Tània | |
| 245 | 1 | |a Mujer y partidos políticos en España: |c las estrategias de los partidos y su impacto institucional, 1978-2004/ |b Tània Verge | |
| 300 | |a páginas 165-196: |b tabla, gráficos | ||
| 773 | 0 | |0 40983 |9 1802 |a Centro de Investigaciones Sociológicas (España) |d Madrid, España: CIS, |o 18472 |t REIS: |x 02105233 | |
| 942 | |2 ddc |c PP | ||
